| 000 | 00869nam a22002777a 4500 | ||
|---|---|---|---|
| 001 | 00260 | ||
| 003 | DO-SdBPM | ||
| 005 | 20260420141902.0 | ||
| 007 | ta | ||
| 008 | 151207b1968 sp ||||| |||| 00| 0 spa d | ||
| 040 |
_aDO-SdBPM _bspa _cBPMSU _erda |
||
| 082 | 0 | 4 |
_a797.2 _bT425n 1968 _222 |
| 100 | 1 | _aThibault, Claude | |
| 245 | 1 | 0 |
_a La natación / _cClaude Thibault ; traducción Fernando Moreno Sánchez. _b |
| 264 |
_aMadrid. _bEspasa Calpe, _c1968. |
||
| 300 |
_a64 páginas : _bilustración., retratos. ; _c18 cm. |
||
| 336 |
_atexto _btxt _2rdacontent |
||
| 337 |
_asin mediación _bn _2rdamedia |
||
| 338 |
_avolumen _bnc _2rdacarrier |
||
| 490 |
_aAprendalo por sí mismo _v;2 |
||
| 590 | _aInvetariado, /VM 2026 | ||
| 650 | 7 | _a Natación | |
| 700 | 1 | 2 | _aSánchez Moreno, Fernández |
| 910 | _aVMateo V. Control de calidad. BPMSU | ||
| 942 |
_2ddc _cBK |
||
| 999 |
_c9012 _d9012 |
||